Дело об изменениях и дополнениях высочайше утвержденного положения о Театрально-литературном комитете в 1891 году

Доступно только в Электронных читальных залах Найти на картеНа карте
RUSMARC
00003905nmc2a22002533x 450
00117149905-d17c-4581-9592-b86fdc36d4b6
00520210713105247.0
100##$a20210209l19011914k l0rusy0189 ca
1010#$arus
102##$aRU
105##$ay###
1222#$ad
2001#$aДело об изменениях и дополнениях высочайше утвержденного положения о Театрально-литературном комитете в 1891 году
$j13 ноября 1901 г. - 21 февраля 1914 г.
215##$a22 л.
$d36,5х26 см
251##$cДело
300##$aПо репертуарному отделению Санкт-Петербургской конторы Дирекции императорских театров
300##$aК руководству
371##$aДокумент не является опубликованным и широко распространяемым
461#0$10019264ebf8-de62-4f1a-9eb4-9f22098dbbd5
$12001
$aДирекция императорских театров МИДв
$1251
$cФонд
$1852
$j497
462#0$1001ff15f5e8-b5fa-4fe1-bbcd-275cd0305ec2
$12001
$aДела Санкт-Петербургской конторы Дирекции императорских театров и дела Московской конторы Дирекции императорских театров
$1251
$cОпись
$1852
$j10
801#0$aRU
$bРГИА
$c20210209
$gRCR
801#1$aRU
$bГлавНИВЦ
$c20210209
$2rusmarc
801#2$aRU
$bПБ им. Б.Н. Ельцина
$c20210713
$gRCR
$2rusmarc
850##$aРГИА
852##$aРГИА
$eФедеральное казенное учреждение "Российский государственный исторический архив" (РГИА)
$j726
937##$hРГИА
$d12357587
$aASBIBLIO_SCAN
035##$aRusGRCC00022258
856##$uhttp://readingroom.main.prlib.ru/item.aspx?id_node=n165953847&mode=full
Формат отображения